000 00748na a2200241 4500
001 21595
003 MIRAKIL
005 20181213154807.0
008 170205b tu 000 0
040 _aMilas
_btur
_cTR-AnCHP
041 _atur
082 _a070.1
_bT85a 1991
090 _a070.1 T85a 1991
100 _aTunçay, Mete
245 _aArif Oruç'un yarın'ı (1933)
_cMete Tunçay
260 _aİstanbul
_bİletişim Yayınları
_c1991
300 _a152 s.
_c19 sm.
490 _aTarih-Politika dizisi
_v4
500 _aKitap kapağında tek-parti yönetiminde yurtdışından muhalefet eden bir yayın organı yazıyor.
650 _aSüreli yayınlar
_vYarın
651 _aTürkiye
_xSiyaset ve yönetim, 1933
942 _2dcc
_cBKS
999 _c950
_d950